| 000 | 00000nas##2200000za#4500 |
| 001 | 9.511875 |
| 003 | CaOODSP |
| 005 | 20200325114344 |
| 007 | ta |
| 008 | 150406c2009||||xxc|| p #||||f| |0fre|d |
| 022 | |a1922-3056 |
| 040 | |aCaOODSP|bfre |
| 041 | |aeng |
| 041 | |afre |
| 043 | |an-cn--- |
| 086 | 1 |aV100 |
| 110 | 1 |aCanada.|bAnciens Combattants Canada. |bBureau de l’ombudsman des vétérans. |
| 245 | 10|aBureau de l'ombudsman des vétérans - rapport annuel |
| 260 | |aOttawa - Ontario : |bAnciens Combattants Canada. |
| 310 | |aAnnuel |
| 362 | 1 |a[2008-2009]-- |
| 520 | 3 |aDonne un aperçu de la structure, des activités et des progrès du Bureau de l’ombudsman des vétérans. |
| 563 | |aCouverture souple |
| 776 | 0#|tRapport annuel |w(CaOODSP)9.502308 |
| 791 | |tOffice of the Veterans Ombudsman - annual report |eeng|w(CaOODSP)9.511874 |